| 000 | 00735na a2200253 4500 | ||
|---|---|---|---|
| 001 | 14665 | ||
| 003 | MIRAKIL | ||
| 005 | 20181213155158.0 | ||
| 008 | 161028b tu 000 0 | ||
| 020 | _a9789756461563 | ||
| 035 | _a14665 | ||
| 040 |
_aMilas _btur _cTR-AnCHP |
||
| 041 | _atur | ||
| 082 |
_a320.9561 _bÖ92ç 2007 |
||
| 090 | _a320.9561 Ö92ç 2007 | ||
| 100 |
_aÖzbek, Osman _d1948- |
||
| 245 |
_aÇankaya'da sonbahar _cOsman Özbek |
||
| 260 |
_aİstanbul _bPozitif Yayınları _c2007 |
||
| 300 |
_a215 s. _c21 sm. |
||
| 650 |
_aSeçimler _xCumhurbaşkanlığı _zTürkiye |
||
| 650 |
_aSiyaset ve yönetim _xCumhurbaşkanlığı _yTürkiye _zEleştiriler |
||
| 651 |
_aTürkiye _xSiyasal durum |
||
| 942 |
_2dcc _cBKS |
||
| 999 |
_c8053 _d8053 |
||